| 000 | 00809cab a2200265 4500 | ||
|---|---|---|---|
| 001 | ABS45360 | ||
| 008 | 090401t1991 xxu||||| |||| 00| 0 eng d | ||
| 035 | _a(Sirsi) u52529 | ||
| 041 | _aeng | ||
| 100 | _aEubanks, F. | ||
| 245 | _aProject valuation based on income stream | ||
| 260 | _c1991 | ||
| 350 | _a0 | ||
| 490 |
_aJournal of Property Finance _v2(2) Autumn 1991, 204-210(6) |
||
| 520 | _aIntroduces the reader to financial modelling for value using the income approach and rate of return analysis techniques. References. | ||
| 650 | _aINCOME APPROACH | ||
| 650 | _aINCOME STREAM METHOD | ||
| 650 | _aPROPERTY FINANCE | ||
| 650 | _aRATES OF RETURN | ||
| 650 | _aVALUATION METHODS | ||
| 650 |
_aValuation _96273 |
||
| 690 | _aRATING AND VALUATION | ||
| 942 | _n0 | ||
| 948 | _c04/03/1997 | ||
| 999 |
_c32516 _d32516 |
||